|
|
|
|
| LEADER |
01884cas a2200241 a 4500 |
| 001 |
AALejournalIMF005331 |
| 008 |
230101c9999 xx r poo 0 0eng d |
| 020 |
|
|
|c 5.00 USD
|
| 020 |
|
|
|z 9781451870664
|
| 022 |
|
|
|a 1018-5941
|
| 040 |
|
|
|a BD-DhAAL
|c BD-DhAAL
|
| 100 |
1 |
|
|a Kalra, Sanjay.
|
| 245 |
1 |
0 |
|a Global Volatility and Forex Returns in East Asia /
|c Sanjay Kalra.
|
| 264 |
|
1 |
|a Washington, D.C. :
|b International Monetary Fund,
|c 2008.
|
| 300 |
|
|
|a 1 online resource (31 pages)
|
| 490 |
1 |
|
|a IMF Working Papers
|
| 500 |
|
|
|a <strong>Off-Campus Access:</strong> No User ID or Password Required
|
| 500 |
|
|
|a <strong>On-Campus Access:</strong> No User ID or Password Required
|
| 506 |
|
|
|a Electronic access restricted to authorized BRAC University faculty, staff and students
|
| 520 |
3 |
|
|a During 2001-07, increases in mature market volatility were associated with declines in forex returns for East Asian countries, consistent with an overall "flight to safety" effect. Estimates from GARCH models suggest that a 5 percentage point increase in mature market equity volatility generated an exchange rate depreciation of up to 1\2 percent. This sensitivity rose during the latter period in the sample, suggesting greater integration of Asian financial markets with global markets. Unconditional standard deviations estimated from these models also provide operational measures of "long-term" and "excess" volatility in forex markets. Long-run forex volatility declined as Asian economies settled down with generally stronger fundamentals in the post-crisis period to more flexible regimes along with a generally lower level of mature market volatility.
|
| 538 |
|
|
|a Mode of access: Internet
|
| 830 |
|
0 |
|a IMF Working Papers; Working Paper ;
|v No. 2008/208
|
| 856 |
4 |
0 |
|z Full text available on IMF
|u http://elibrary.imf.org/view/journals/001/2008/208/001.2008.issue-208-en.xml
|z IMF e-Library
|